| 000 | 00470nam a2200169 a 4500 | ||
|---|---|---|---|
| 001 | 000015925 | ||
| 005 | 20200929164213.0 | ||
| 008 | 100222s20-- dr r 000 0 spa d | ||
| 040 |
_aDO-SdBNP _bspa _cBNPHU |
||
| 082 |
_axxxx _bR426l |
||
| 110 | 1 |
_aRepública Dominicana _9447 |
|
| 240 | 1 | 0 | _a[Leyes, etc.] |
| 245 | 1 | 0 | _aLey 241 de tránsito de vehículos. |
| 260 |
_aSanto Domingo : _b[s.n.], _c[s.f.]. |
||
| 300 |
_a139 p. ; _c21 cm. |
||
| 590 | _aInventariado, 2019/BT | ||
| 999 |
_c15467 _d15467 |
||